000
00336nam a2200145Ia 4500
008
150201s2007 xx 000 0 und d
082
_a
617.6
_b
D07M
100
_a
MCDONALD
245
_a
DENTISTRY FOR CHILD & ADOLESCENT
250
_a
8TH
260
_b
ELSEVIER
_a
DELHI
_c
2007
300
_a
1-769
650
_a
DENTISTRY
942
_2
ddc
_c
BK
999
_c
378
_d
378